Harry Potter: G etc Quiz Stats

Quiz not verified by Sporcle

Challenge
Share
Tweet
Embed
Score 0/35 Timer 06:00
1 Play Today
% Correct
Galleon
88.5%
Gringotts
88.1%
Gamekeeper
87.7%
Gryffindor, Godric
87.4%
Granger, Hermione
87.4%
Goat
87%
Grawp
86.6%
Gargoyle
86.2%
Gadding With Ghouls
85.9%
Gaunt, Merope
85.5%
Gillyweed
85.5%
Grubbly-Plank, Wilhelmina
85.1%
Giant Squid
84.8%
Greengrass, Astoria
84.8%
Geminio
83.3%
Grim
83.3%
Gambol and Japes
82.9%
Goyle, Gregory
82.9%
% Correct
Goshawk, Miranda
81.8%
Ghoul
81.4%
Gillywater
81.4%
Goldstein, Anthony
81.4%
Grindelwald, Gellert
81.4%
Grunnings
81.4%
Gobbledegook
80.3%
Glisseo
79.9%
Garrotting Gas
75.8%
Gobstones
75.8%
Gamp's Law of Elemental Transfiguration
75.8%
Garden Gnome
75.5%
Goblin Rebellions
74.7%
Gorgovitch, Dragomir
71.4%
Golpalott's Third Law
69.5%
Gaunt, Morfin
68.4%
Godelot
41.3%

You're not logged in!

Compare scores with friends on all Sporcle quizzes.
Join for Free
OR
Log In

You Might Also Like...

Show Comments

Extras

Top Quizzes Today


Score Distribution

Your Account Isn't Verified!

In order to create a playlist on Sporcle, you need to verify the email address you used during registration. Go to your Sporcle Settings to finish the process.

Report this User

Report this user for behavior that violates our Community Guidelines.

Details: